000 00755nam a2200289Ia 4500
005 20260324112937.0
008 008 260324s9999 xx 000 0 eng d
020 _a9781003316350
037 _aEBOOK
040 _aCRL
040 _beng
040 _cCRL
041 _2eng
041 _aeng
084 _qCRL
100 _aMelanie K. Felton; Diana H. Cortez-Castro
_91144782
245 0 _aRe-Exploring Play and Playfulness in Early Childhood Teacher Education
245 0 _bNarratives, Reflections, and Practices
260 _bTaylor and Francis
260 _c2024
365 _a
365 _b230
856 _uhttp://www.taylorfrancis.com/books/9781003316350
942 _cEBOOK
999 _c1734180
_d1734180